Loading...
| History - American History | 0 | 9 | 1 | 2 | 85 | 77 | 114.44 | 0 | 2 |
| History - World History | 0 | 7 | 0 | 1 | 70 | 78 | 114.14 | 1 | 3 |
| History - Other History | 0 | 4 | 0 | 0 | 40 | 104 | 124.75 | 0 | 0 |
| Literature - American Literature | 0 | 4 | 1 | 3 | 35 | 134 | 146.25 | 0 | 0 |
| Literature - British Literature | 0 | 3 | 0 | 1 | 30 | 107 | 136.33 | 0 | 0 |
| Literature - World Literature | 0 | 3 | 0 | 1 | 30 | 127 | 138.33 | 0 | 0 |
| Social Science | 0 | 2 | 0 | 0 | 20 | 89 | 106.00 | 0 | 1 |
| Fine Arts - Other Fine Arts | 0 | 2 | 0 | 0 | 20 | 136 | 138.00 | 0 | 0 |
| History - European History | 0 | 3 | 2 | 0 | 20 | 100 | 107.00 | 0 | 1 |
| Literature - European Literature | 0 | 2 | 0 | 1 | 20 | 131 | 139.00 | 0 | 0 |
| Science - Other Science | 0 | 2 | 0 | 0 | 20 | 87 | 89.00 | 0 | 0 |
| Fine Arts - Painting & Sculpture | 0 | 1 | 0 | 1 | 10 | 138 | 138.00 | 0 | 0 |
| Philosophy | 0 | 1 | 0 | 0 | 10 | 134 | 134.00 | 0 | 0 |
| Geography | 0 | 1 | 0 | 0 | 10 | 138 | 138.00 | 0 | 0 |
| Current Events | 0 | 0 | 0 | 0 | 0 | 0.00 | 0 | 0 |